Tribotechnické listy
Na minha lista:
| Autor principal: | |
|---|---|
| Formato: | Livro |
| Idioma: | eslovaco |
| Publicado em: |
Žilina:
TechPark,
2017.
|
| Edição: | 1. vyd. |
| Acesso em linha: | View in OPAC |
| Tags: |
Sem tags, seja o primeiro a adicionar uma tag!
|
MARC
| LEADER | 00000nam a22000007a 4500 | ||
|---|---|---|---|
| 003 | SK-BrSCK | ||
| 005 | 20260127134423.0 | ||
| 008 | 210429b2017 xo a|||| |||| 00| 0 slo d | ||
| 020 | |a 978-80-972716-0-2 | ||
| 040 | |a SK-BrSCK |b slo |c SK-BrSCK | ||
| 100 | |9 2400 |a Stopka, Jozef |b Ing. |c Ing. |d 1942-04-22 | ||
| 245 | |a Tribotechnické listy | ||
| 250 | |a 1. vyd. | ||
| 260 | |a Žilina: |b TechPark, |c 2017. | ||
| 300 | |a 151 s., |b Obr. tab., |c 24 cm. | ||
| 942 | |2 udc |c 14 | ||
| 999 | |c 12378 |d 12378 | ||